| 000 | 00558nam a2200157 a 4500 | ||
|---|---|---|---|
| 001 | 4190 | ||
| 003 | CDMR | ||
| 005 | 20131007174548.0 | ||
| 008 | 130130s1960||||||||||||||||||||||||||||d | ||
| 040 |
_aCDMR _bcat _cCDMR |
||
| 245 | 0 |
_aCatálogo de la Hemeroteca del Instituto Municipal de Historia de Barcelona _cbajo la dirección de Pedro Voltes Bou |
|
| 260 |
_aBarcelona _bAyuntamiento de Barcelona |
||
| 260 |
_c1960 _bDirección General de Archivos y Bibliotecas del Ministerio de Educación Nacional |
||
| 700 | 1 |
_91036 _aVoltes, Pedro _edir. |
|
| 942 |
_cMON _2udc |
||
| 999 |
_c4190 _d4190 |
||